书目信息 |
| 题名: |
作物育种学总论
|
|
| 作者: | 张天真 主编 | |
| 分册: | ||
| 出版信息: | 北京 中国农业出版社 2011 |
|
| 页数: | 10,415页 | |
| 开本: | 26cm | |
| 丛书名: | ||
| 单 册: | ||
| 中图分类: | S33 | |
| 科图分类: | ||
| 主题词: | 作物育种--高等学校--教材 , 作物育种 | |
| 电子资源: | ||
| ISBN: | 978-7-109-15808-5 | |
| 000 | 00932nam0 2200265 45 | |
| 001 | 1338845187 | |
| 005 | 20130514151507.21 | |
| 010 | @a978-7-109-15808-5@dCNY43.00 | |
| 100 | @a20130108d2011 em y0chiy50 ea | |
| 101 | 0 | @achi |
| 102 | @aCN@b110000 | |
| 105 | @aa z 000yy | |
| 106 | @ar | |
| 200 | 1 | @a作物育种学总论@AZuo Wu Yu Zhong Xue Zong Lun@f张天真主编@FZhang Tian Zhen Zhu Bian |
| 205 | @a3版 | |
| 210 | @a北京@c中国农业出版社@d2011 | |
| 215 | @a10,415页@c照片@d26cm | |
| 300 | @a普通高等教育“十一五”国家级规划教材 全国高等农林院校“十一五”规划教材 植物生产类专业系列教材 | |
| 330 | @a本书内容包括:作物的繁殖方式及品种类型、种质资源、育种目标、引种与选择育种、杂交育种、回交育种、诱变育种等。 | |
| 606 | 0 | @a作物育种@x高等学校@j教材 |
| 606 | 0 | @a作物育种 |
| 690 | @aS33@v5 | |
| 701 | 0 | @a张天真@AZhang Tian Zhen@g(作物育种)@4主编 |
| 801 | @aCN@bTANGWEI@c20130108 | |
| 905 | @b0828627-31@dS33@e43=3@f5 | |
| 作物育种学总论/张天真主编.-3版.-北京:中国农业出版社,2011 |
| 10,415页:照片;26cm |
| 普通高等教育“十一五”国家级规划教材 全国高等农林院校“十一五”规划教材 植物生产类专业系列教材 |
| ISBN 978-7-109-15808-5:CNY43.00 |
| 本书内容包括:作物的繁殖方式及品种类型、种质资源、育种目标、引种与选择育种、杂交育种、回交育种、诱变育种等。 |
| ● |
| 相关链接 |
|
|
|
|
正题名:作物育种学总论
索取号:S33/43=3
 
预约/预借
| 序号 | 登录号 | 条形码 | 馆藏地/架位号 | 状态 | 备注 |
| 1 | 0828627 | 208286273 | 第二样本阅览室/ [索取号:S33/43=3] | 在馆 | |
| 2 | 0828628 | 208286282 | 第三借阅区/ [索取号:S33/43=3] | 在馆 | |
| 3 | 0828629 | 208286291 | 第三借阅区/ [索取号:S33/43=3] | 在馆 | |
| 4 | 0828630 | 208286308 | 第三借阅区/ [索取号:S33/43=3] | 在馆 | |
| 5 | 0828631 | 208286317 | 第三借阅区/ [索取号:S33/43=3] | 在馆 |